000 01015nam a22002771 4500
001 19806
003 BD-RjUL
005 20211209000500.0
008 140225s1952 enk 001 p eng
035 _a(BD-RjUL)19867
035 _a(OCoLC)3137859
040 _aDLC
_cScU
_dScU
_dOCoLC
_dUk
_dOCoLC
_dDLC
_dBD-RjUL
_beng
041 _aeng
082 _a821.082
_bPOE V-2 1952
245 0 0 _aPoets of the English language /
_cedited by W. H. Auden and Norman Holmes Pearson.
_nII
_p Marlowe to Marvell
260 _aLondon :
_bEyre & Spottiswoode,
_c1952.
300 _axlv, 556 p. ;
_c19 cm.
505 0 _av. 1. Langland to Spenser.--v. 2. Marlowe to Marvell.--v. 3. Milton to Goldsmith.--v. 4. Blake to Poe.--v. 5. Tennyson to Yeats.
650 0 _aEnglish poetry
_960847
650 0 _aAmerican poetry
_960848
700 1 _aAuden, W. H.
_d1907-1973,
_q(Wystan Hugh),
_960849
700 1 _aPearson, Norman Holmes,
_d1909-1975,
_ejoint ed.
_955481
942 _2ddc
_cBK
999 _c19806
_d19806